100 Celebrities as kids - Statistics

General Stats
  • This quiz has been taken 143 times
  • The average score is 30 of 100
Answer Stats
Picture Answer % Correct
Leonardo DiCaprio
93%
Rihanna
90%
Adam Sandler
77%
Scarlett Johansson
76%
Muhammed Ali
75%
Brad Pitt
74%
Ed Sheeran
73%
Zendaya
72%
Selena Gomez
70%
Justin Bieber
67%
Nicki Minaj
66%
Cristiano Ronaldo
63%
Taylor Swift
63%
Ryan Gosling
62%
Beyonce
60%
Billie Eilish
60%
Tom Holland
60%
Simone Biles
58%
Michael B Jordan
57%
Chris Rock
56%
Sabrina Carpenter
56%
Harry Styles
53%
LeBron James
52%
Emma Stone
51%
Pete Davidson
51%
Meryl Streep
50%
Michael Jordan
50%
Reese Witherspoon
49%
Usher
46%
Justin Timberlake
45%
Eminem
44%
Julia Roberts
44%
Serena Williams
44%
Michael Phelps
40%
Olivia Rodrigo
37%
Melissa McCarthy
36%
Andrew Garfield
35%
Matt Leblanc
34%
Usain Bolt
34%
Margot Robbie
33%
Lionel Messi
28%
Hailee Steinfeld
27%
Tina Fey
27%
Jennifer Aniston
26%
Kenan Thompson
26%
Max Verstappen
26%
The Weeknd
26%
Tom Brady
25%
Cillian Murphy
23%
Ethan Hawke
23%
Glen Powell
23%
Harry Kane
23%
Lewis Hamilton
23%
Tiger Woods
23%
Tate McRae
22%
Camila Cabello
21%
Kevin Hart
20%
Florence Pugh
17%
Lady Gaga
16%
Travis Kelce
16%
Ricky Gervais
15%
Emma Raducanu
13%
Gracie Abrams
13%
Jimmy Carr
13%
John Mulaney
13%
Michael McIntyre
13%
Harrison Ford
12%
Jason Segel
12%
Sarah Silverman
12%
Robert Downey Jr
11%
Romesh Ranganathan
11%
Stephen Curry
11%
David Mitchell
10%
Steve Martin
10%
Tom Jones
10%
Adam DeVine
9%
Jack Whitehall
9%
Jude Bellingham
9%
Jerry Seinfeld
8%
Central Cee
7%
Tessa Thompson
7%
Amy Poehler
6%
Cecily Strong
5%
Dave Chappelle
5%
Graham Norton
5%
Charli XCX
4%
Drew Starkey
4%
Marcus Rashford
4%
Aisling Bea
3%
Anne-Marie
3%
Armand Duplantis
3%
David Beckam
3%
Keely Hodgkinson
3%
Leah Williamson
3%
Lee Mack
3%
Post Malone
3%
Renee Rapp
3%
Ben Stokes
2%
Caitlin Clark
2%
Greg Davies
2%
No matching quizzes found
Score Distribution
Percent of People with Each Score
Percentile by Number Answered
Your Score History
You have not taken this quiz